Design of concrete structures (Record no. 3628)

000 -LEADER
fixed length control field 00663nam a2200229 a 4500
001 - CONTROL NUMBER
control field 3628
003 - CONTROL NUMBER IDENTIFIER
control field BD-DhUET
008 - FIXED-LENGTH DATA ELEMENTS--GENERAL INFORMATION
fixed length control field 850621s1985 enka b 101 0 eng
020 ## - INTERNATIONAL STANDARD BOOK NUMBER
International Standard Book Number 007Y665486
040 ## - CATALOGING SOURCE
Original cataloging agency DLC
Transcribing agency DLC
Modifying agency BD-DhUET
082 00 - DEWEY DECIMAL CLASSIFICATION NUMBER
Classification number 624.183
Item number NIL/1986
100 ## - MAIN ENTRY--PERSONAL NAME
Personal name Nilson, Arthur H.
245 00 - TITLE STATEMENT
Title Design of concrete structures
Statement of responsibility, etc. by Arthur H. Nilson and George Winter
250 ## - EDITION STATEMENT
Edition statement 10th ed.
260 ## - PUBLICATION, DISTRIBUTION, ETC. (IMPRINT)
Place of publication, distribution, etc. New York:
Name of publisher, distributor, etc. McGraw Hill Book Company,
Date of publication, distribution, etc. 1986.
300 ## - PHYSICAL DESCRIPTION
Extent xi, 380 p. :
Other physical details ill. ;
Dimensions 23 cm.
490 ## - SERIES STATEMENT
Series statement Civil engineering series
504 ## - BIBLIOGRAPHY, ETC. NOTE
Bibliography, etc Includes bibliographies
650 #0 - SUBJECT ADDED ENTRY--TOPICAL TERM
Topical term or geographic name as entry element Reinforced concrete
700 ## - ADDED ENTRY--PERSONAL NAME
Personal name Winter, George
942 ## - ADDED ENTRY ELEMENTS (KOHA)
Koha item type General Book
Holdings
Koha date last seen Date acquired Source of classification or shelving scheme Price effective from Not for loan Koha date last borrowed Piece designation (barcode) Koha out on loan Location (home branch) Copy number Koha full call number Damaged status Withdrawn status Koha item type Lost status Koha issues (times borrowed) Sublocation or collection (holding branch) Koha renewals Shelving location Koha normalized classification for sorting
2026-02-232014-11-02 2014-11-02 2026-02-23778732027-02-23Central Library, BUET1624.183/NIL/1986  General Book 6Central Library, BUET1Circulation section624_000000000000000_183NIL1986
2024-12-041990-10-23 2024-12-04  77816 Central Library, BUET১০/ক-১624.183 NIL/1986  Rental Item  Central Library, BUET Rental section624_183000000000000_NIL_1986
2024-12-041990-10-23 2024-12-04  77817 Central Library, BUET১০/ক-২624.183 NIL/1986  Rental Item  Central Library, BUET Rental section624_183000000000000_NIL_1986
2024-12-041990-10-23 2024-12-04  77818 Central Library, BUET১০/ক-৩624.183 NIL/1986  Rental Item  Central Library, BUET Rental section624_183000000000000_NIL_1986
2024-12-041990-10-23 2024-12-04  77819 Central Library, BUET১০/ক-৪624.183 NIL/1986  Rental Item  Central Library, BUET Rental section624_183000000000000_NIL_1986
2024-12-041990-10-23 2024-12-04  77820 Central Library, BUET১০/ক-৫624.183 NIL/1986  Rental Item  Central Library, BUET Rental section624_183000000000000_NIL_1986
2024-12-041990-10-23 2024-12-04  77821 Central Library, BUET১০/ক-৬624.183 NIL/1986  Rental Item  Central Library, BUET Rental section624_183000000000000_NIL_1986
2024-12-041990-10-23 2024-12-04  77822 Central Library, BUET১০/ক-৭624.183 NIL/1986  Rental Item  Central Library, BUET Rental section624_183000000000000_NIL_1986
2024-12-041990-10-23 2024-12-04  77823 Central Library, BUET১০/ক-৮624.183 NIL/1986  Rental Item  Central Library, BUET Rental section624_183000000000000_NIL_1986
2024-12-041990-10-23 2024-12-04  77824 Central Library, BUET১০/ক-৯624.183 NIL/1986  Rental Item  Central Library, BUET Rental section624_183000000000000_NIL_1986
2024-12-041990-10-23 2024-12-04  77825 Central Library, BUET১০/ক-১০624.183 NIL/1986  Rental Item  Central Library, BUET Rental section624_183000000000000_NIL_1986
2024-12-041990-10-23 2024-12-04  77826 Central Library, BUET১০/ক-১১624.183 NIL/1986  Rental Item  Central Library, BUET Rental section624_183000000000000_NIL_1986
2024-12-041990-10-23 2024-12-04  77827 Central Library, BUET১০/ক-১২624.183 NIL/1986  Rental Item  Central Library, BUET Rental section624_183000000000000_NIL_1986
2024-12-041990-10-23 2024-12-04  77828 Central Library, BUET১০/ক-১৩624.183 NIL/1986  Rental Item  Central Library, BUET Rental section624_183000000000000_NIL_1986
2024-12-041990-10-23 2024-12-04  77829 Central Library, BUET১০/ক-১৪624.183 NIL/1986  Rental Item  Central Library, BUET Rental section624_183000000000000_NIL_1986
2024-12-041990-10-23 2024-12-04  77830 Central Library, BUET১০/ক-১৫624.183 NIL/1986  Rental Item  Central Library, BUET Rental section624_183000000000000_NIL_1986
2024-12-041990-10-23 2024-12-04  77831 Central Library, BUET১০/ক-১৬624.183 NIL/1986  Rental Item  Central Library, BUET Rental section624_183000000000000_NIL_1986
2024-12-041990-10-23 2024-12-04  77832 Central Library, BUET১০/ক-১৭624.183 NIL/1986  Rental Item  Central Library, BUET Rental section624_183000000000000_NIL_1986
2024-12-041990-10-23 2024-12-04  77833 Central Library, BUET১০/ক-১৮624.183 NIL/1986  Rental Item  Central Library, BUET Rental section624_183000000000000_NIL_1986
2024-12-041990-10-23 2024-12-04  77834 Central Library, BUET১০/ক-১৯624.183 NIL/1986  Rental Item  Central Library, BUET Rental section624_183000000000000_NIL_1986
2024-12-041990-10-23 2024-12-04  77835 Central Library, BUET১০/ক-২০624.183 NIL/1986  Rental Item  Central Library, BUET Rental section624_183000000000000_NIL_1986